| 000 | 00815nam a2200205Ia 4500 | ||
|---|---|---|---|
| 003 | GCL | ||
| 008 | 140319s9999 xx 000 0 ara d | ||
| 040 |
_aGCL / _cGCL |
||
| 082 | 0 | 4 |
_aد _b330.9 _bج ت |
| 100 | 1 | _aجابر محمد الجزار | |
| 245 | 1 | 0 |
_aالتكامل الاقتصادى العربى فى ظل العولمة ( كتاب الاهرام الاقتصادى ع 226يوليو 2006 ) / _cجابر محمد الجزار |
| 250 | _aالاولى | ||
| 260 |
_aالقاهرة : _bمؤسسة الاهرام ، _c2006 |
||
| 300 |
_a119 ص ؛ _c24 سم |
||
| 490 |
_aكتاب الاهرام الاقتصادى _v226 |
||
| 650 | 0 | 4 | _aالتكامل الاقتصادى |
| 650 | 0 | 4 | _aافريقيا - الاحوال الاقتصادية |
| 650 | 0 | 4 | _aالاقتصاد - العولمة |
| 942 |
_2ddc _cBK |
||
| 999 |
_c8782 _d8782 |
||